000 00891nam a2200265Ia 4500
003 OSt
005 20220930074713.0
006 a|||||r|||| 00| 0
007 ta
008 220926b |||||||| |||| 00| 0 eng d
024 _a75347
037 _cTheses
040 _aCRL
_cCRL
_beng
041 _2eng
_aeng
100 _aKakar Rita
_9534536
110 _aUniversity of Delhi. Faculty of Medical Sciences. Department of Obstetrics and Gynaecology
245 0 _aEvaluation of cryosurgery in the treatment of cervical erosions and its comparison with electric cauterization
260 _c1980
300 _a103p.
_ap.
_ccm.
650 _aWOMEN - DISEASES
700 _a Dr. M Kochar Gu.
_9534537
700 _aUniversity of Delhi. Faculty of Medical Sciences. Department of Obstetrics and Gynaecology
942 _cDIS
_2CC
999 _c866930
_d866930